Amfitrió 38 / de Jean Giraudoux ; traducció de Ramon Esquerra ; pròleg de Guillem-Jordi Graells
Descripción Física:
123 p. ; 18 cm
Colección:
Biblioteca teatral ; 32
MARC
| LEADER | 00000nam a2200000Ia 4500 | ||
|---|---|---|---|
| 001 | 2115 | ||
| 008 | 160829s1985 xx 000 0 cat d | ||
| 080 | |a L-1-221 | ||
| 100 | |a Giraudoux, Jean |9 27612 | ||
| 245 | |a Amfitrió 38 / de Jean Giraudoux ; traducció de Ramon Esquerra ; pròleg de Guillem-Jordi Graells | ||
| 260 | |a Barcelona : |b Institut del Teatre de la Diputació de Barcelona : |b Edicions del Mall, |c 1985 | ||
| 300 | |a 123 p. ; |c 18 cm | ||
| 490 | |a Biblioteca teatral ; 32 | ||
| 700 | 1 | |a Esquerra, Ramon |e traductor |9 27613 | |
| 700 | |a Graells, Guillem-Jordi, |d 1950- |e escriptor del pròleg |9 28834 | ||
| 710 | 1 | |a Institut del Teatre (Barcelona, Catalunya) |9 52662 | |
| 901 | |a Arxiu | ||
| 942 | |n 1 |2 udc | ||
| 952 | |0 0 |1 0 |4 0 |6 L1221 |7 1 |9 44472 |a Arxiu |b Arxiu |d 2016-12-01 |l 0 |o L-1-221 |p 2115 |r 2016-12-01 00:00:00 |w 2016-12-01 |y ARXIU | ||
| 999 | |c 47053 |d 47053 | ||